000 00532cab a2200193 4500
001 ABS41292
008 090401t1989 xxu||||| |||| 00| 0 eng d
035 _a(Sirsi) u29405
041 _aeng
100 _aBond, R.
245 _aLRT`s route to prosperity
260 _c1989
350 _a0
490 _aSurveyor
_v172(5059) 24 August 1989, 12-15(4)
520 _aA review of London Regional Transport `s property portfolio and its exploitation.
690 _aPROPERTY LAW AND PRACTICE
942 _n0
948 _c04/03/1997
999 _c19810
_d19810